Central Library OPAC University of Rajshahi

নজরুল সাহিত্যে নারী : (Record no. 82960)

MARC details
000 -LEADER
fixed length control field 01502nam a2200253 a 4500
001 - CONTROL NUMBER
RUCL Control Number 82960
003 - CONTROL NUMBER IDENTIFIER
rucl marc code BD-RjUL
005 - DATE AND TIME OF LATEST TRANSACTION
control field 20240205155217.0
008 - FIXED-LENGTH DATA ELEMENTS--GENERAL INFORMATION
fixed length control field 240205s1995 bg ||||| m||| 00| 0 ben d
035 ## - SYSTEM CONTROL NUMBER
system control number (BD-RjUL)82960
040 ## - CATALOGING SOURCE
Original cataloging agency BD-RjUL
Language of cataloging ben / eng
Transcribing agency BD-RjUL
Modifying agency BD-RjUL
041 ## - LANGUAGE CODE
Language code of Book ben
082 ## - DEWEY DECIMAL CLASSIFICATION NUMBER
DDC Edition number 23
Classification number 891.44092
Author mark and Year KHN 1995
100 ## - MAIN ENTRY--PERSONAL NAME
Personal name খানুম, মোছা. মাসুমা
9 (RLIN) 11465
245 10 - TITLE STATEMENT
Title নজরুল সাহিত্যে নারী :
Remainder of title প্রাসঙ্গিক বিশ্লেষণ /
Statement of responsibility, etc গবেষক মোছা. মাসুমা খানুম ;
Name of Supervisor/Co-Supervisor তত্ত্বাবধায়ক : মুহম্মদ মজিরউদ্দীন মিয়া
260 ## - PUBLICATION, DISTRIBUTION, ETC. (IMPRINT)
Place of publication, distribution, etc রাজশাহী :
Name of publisher, distributor, etc বাংলা বিভাগ, রাজশাহী বিশ্ববিদ্যালয়,
Date of publication, distribution, etc ১৯৯৫
300 ## - PHYSICAL DESCRIPTION
Pagination iii, ২২৫ পাতা ;
Dimensions ২৯ সেমি.
502 ## - DISSERTATION NOTE
Dissertation note থিসিস (এম. ফিল.) -- বাংলা বিভাগ, রাজশাহী বিশ্ববিদ্যালয়, ১৯৯৫
504 ## - BIBLIOGRAPHY, ETC. NOTE
Bibliography, etc গ্রন্থপঞ্জি : পাতা [২১৯]-২২৫
650 ## - SUBJECT ADDED ENTRY--TOPICAL TERM
Topical term or geographic name as entry element বাংলা সাহিত্য
Form subdivision ইতিহাস ও সমালোচনা
Topical term or geographic name as entry element Bengali literature
Form subdivision History and Criticism
700 ## - ADDED ENTRY--SUPERVISOR/CO-SUPERVISOR NAME
Personal name মিয়া, মুহম্মদ মজিরউদ্দীন, তত্ত্বাবধায়ক
9 (RLIN) 11466
942 ## - ADDED ENTRY ELEMENTS (KOHA)
Source of classification or shelving scheme Dewey Decimal Classification
Koha item type Theses
Holdings
Source of classification or shelving scheme Damaged status Not for loan Collection code Permanent Location Current Location Shelving location Date of accession Source of acquisition Total Checkouts Full call number Barcode Date last seen Copy number Thesis
Dewey Decimal Classification   Not For Loan Theses Central Library, University of Rajshahi Central Library, University of Rajshahi Documentation Section 17/11/1997 Controller of Exam. R. U.   BTHE 891.44092 KHN 1995 D1880 05/02/2024 C-I Theses